[Event "20. Int. Boeblinger Open"]
[Site "Boeblingen"]
[Date "2003.12.29"]
[Round "6"]
[White "Siebrecht, Sebastian"]
[Black "Doeres, Hans-Juergen"]
[Result "1/2-1/2"]
[WhiteElo "2435"]
[BlackElo "2244"]
[PlyCount "47"]
[EventDate "2003.??.??"]

1. d4 d5 2. Nf3 Nf6 3. c4 c6 4. Nc3 a6 5. a4 e6 6. a5 c5 7. cxd5 Nxd5 8. e4
cxd4 9. Qxd4 Nc6 10. Qa4 Nxc3 11. bxc3 Bc5 12. Bg5 Qc7 13. e5 O-O 14. Qe4 Ne7
15. Bd3 Ng6 16. O-O Bd7 17. Rfe1 Bc6 18. Qe2 h6 19. Bd2 Rad8 20. Nd4 Bxd4 21.
cxd4 Rxd4 22. Bxg6 fxg6 23. f3 g5 24. Be3 1/2-1/2

[Event "20. Int. Boeblinger Open"]
[Site "Boeblingen"]
[Date "2003.12.29"]
[Round "6"]
[White "Fahnenschmidt, Gerhard"]
[Black "Grooten, Herman"]
[Result "0-1"]
[WhiteElo "2191"]
[BlackElo "2390"]
[PlyCount "124"]
[EventDate "2003.??.??"]

1. d4 Nf6 2. c4 e6 3. Nc3 Bb4 4. e3 c5 5. Nf3 Bxc3+ 6. bxc3 d6 7. Bd3 Nc6 8. e4
e5 9. O-O h6 10. d5 Ne7 11. Nh4 O-O 12. f4 Ng6 13. Nxg6 fxg6 14. fxe5 dxe5 15.
Be3 b6 16. h3 Bd7 17. a4 a5 18. Rb1 Rb8 19. Bc2 Qc7 20. Qd2 Kh7 21. Rf3 Qd6 22.
Rbf1 g5 23. Bxg5 hxg5 24. Qxg5 Rf7 25. Rg3 Rbf8 26. Qh4+ Kg8 27. Rg6 Qe7 28.
Qg5 Be8 29. Rf5 Nd7 30. Qxe7 Rxe7 31. Re6 Rxf5 32. exf5 Kf8 33. d6 Rf7 34. g4
Nf6 35. g5 Nh5 36. Rxe5 Rd7 37. Bd1 Nf4 38. Bg4 Rxd6 39. Kh2 Bxa4 40. Kg3 Nd3
41. Re3 Bb3 42. Bh5 Rd8 43. f6 gxf6 44. gxf6 Bxc4 45. Re7 a4 46. Bg6 a3 47. h4
a2 48. Ra7 Ne5 49. h5 Nd7 50. Kf4 Nxf6 51. h6 Rd7 52. Ra8+ Ke7 53. Kg5 Rd5+ 54.
Bf5 Bd3 55. Ra7+ Nd7 56. h7 Rxf5+ 57. Kh6 Rf6+ 58. Kg5 Bxh7 59. Rxa2 Rf5+ 60.
Kh6 Bg8 61. Ra7 Bf7 62. c4 Kf6 0-1

[Event "20. Int. Boeblinger Open"]
[Site "Boeblingen"]
[Date "2003.12.29"]
[Round "6"]
[White "Rau, Hannes"]
[Black "Lankenau, Axel"]
[Result "1-0"]
[WhiteElo "2372"]
[BlackElo "2145"]
[PlyCount "59"]
[EventDate "2003.??.??"]

1. d4 d5 2. c4 e6 3. Nc3 c5 4. cxd5 exd5 5. Nf3 Nc6 6. g3 Nf6 7. Bg2 Be7 8. O-O
Be6 9. Bg5 Ne4 10. Bxe7 Qxe7 11. Rc1 Nxc3 12. Rxc3 c4 13. b3 b5 14. bxc4 bxc4
15. Qa4 Qd7 16. Qa3 Qe7 17. Qa6 Qd7 18. Rd1 O-O 19. Ng5 Rab8 20. Qa3 Rb5 21.
Nxh7 Rfb8 22. Ng5 Ra5 23. Qc1 Rxa2 24. Rc2 Ra5 25. Qf4 Rab5 26. Rcc1 Bf5 27. e4
dxe4 28. Nxe4 Nxd4 29. Nc3 Rd8 30. Rxd4 1-0

[Event "20. Int. Boeblinger Open"]
[Site "Boeblingen"]
[Date "2003.12.29"]
[Round "6"]
[White "Huettig, Michael"]
[Black "Hammes, Michael"]
[Result "0-1"]
[WhiteElo "2179"]
[BlackElo "2349"]
[PlyCount "50"]
[EventDate "2003.??.??"]

1. Nf3 f5 2. g3 Nf6 3. Bg2 g6 4. d3 Bg7 5. O-O d6 6. c4 O-O 7. Nc3 e5 8. Rb1 a5
9. a3 Nc6 10. b4 axb4 11. axb4 h6 12. b5 Ne7 13. Nd2 g5 14. Qb3 Kh8 15. Ba3 Rb8
16. Ra1 f4 17. Nde4 Nf5 18. Nxf6 Bxf6 19. Ne4 Nd4 20. Qb2 Bg4 21. b6 c5 22. e3
Ne2+ 23. Kh1 f3 24. h3 Qd7 25. hxg4 Qxg4 0-1

[Event "20. Int. Boeblinger Open"]
[Site "Boeblingen"]
[Date "2003.12.29"]
[Round "6"]
[White "Kabisch, Thilo"]
[Black "Wuest, Michael"]
[Result "1-0"]
[WhiteElo "2274"]
[BlackElo "2124"]
[PlyCount "89"]
[EventDate "2003.??.??"]

1. e4 c5 2. Nf3 e6 3. d4 cxd4 4. Nxd4 a6 5. c4 Nf6 6. Nc3 d6 7. Be2 Be7 8. O-O
O-O 9. b3 Qc7 10. Bb2 b6 11. Rc1 Bb7 12. Bd3 Nbd7 13. Qe2 Rac8 14. Kh1 Rfe8 15.
Bb1 Bf8 16. Rfe1 Qc5 17. Qd2 Qh5 18. f3 d5 19. cxd5 exd5 20. Nxd5 Nxd5 21. exd5
Qxd5 22. Be4 Rxc1 23. Rxc1 Rxe4 24. fxe4 Qxe4 25. Re1 Qg6 26. Qc2 Qg4 27. Qe2
Qg6 28. Nf3 Bc5 29. a3 a5 30. Rd1 Nf8 31. Qd3 Qg4 32. h3 Qg3 33. Be5 Qf2 34.
Rd2 Qe3 35. Qxe3 Bxe3 36. Rd8 Bc5 37. Bd6 Bxd6 38. Rxd6 Bxf3 39. gxf3 b5 40.
Rd5 b4 41. a4 Ne6 42. Rxa5 f6 43. Rb5 Nd4 44. Rxb4 Nxf3 45. a5 1-0

[Event "20. Int. Boeblinger Open"]
[Site "Boeblingen"]
[Date "2003.12.29"]
[Round "6"]
[White "Meyer, Falko"]
[Black "Meyer, Roland"]
[Result "0-1"]
[WhiteElo "2348"]
[BlackElo "2114"]
[PlyCount "82"]
[EventDate "2003.??.??"]

1. e4 c5 2. Nf3 Nc6 3. d3 g6 4. g3 Bg7 5. Bg2 e5 6. O-O Nge7 7. c3 O-O 8. Nbd2
d5 9. Re1 d4 10. c4 h6 11. a3 a5 12. Rb1 Be6 13. Nb3 b6 14. Na1 Qd7 15. Bd2 Kh7
16. b4 axb4 17. axb4 b5 18. cxb5 Nxb4 19. Bxb4 cxb4 20. Rxb4 Rfb8 21. Qb1 Ra5
22. b6 Qd6 23. Nc2 Rb7 24. Nd2 Ra6 25. Nc4 Bxc4 26. Rxc4 Raxb6 27. Qc1 Nc6 28.
Qd2 Rb2 29. Rc1 Nb4 30. Bf1 Na2 31. Ra1 Nc3 32. Kg2 h5 33. Ra8 Qf6 34. Rcc8 Rb1
35. Be2 R7b2 36. Bf3 h4 37. Bg4 h3+ 38. Kxh3 Rg1 39. f4 exf4 40. gxf4 Rxc2 41.
Qxc2 Qxf4 0-1

[Event "20. Int. Boeblinger Open"]
[Site "Boeblingen"]
[Date "2003.12.29"]
[Round "6"]
[White "Meijers, Viesturs"]
[Black "Grimm, Sven"]
[Result "1-0"]
[WhiteElo "2499"]
[BlackElo "2156"]
[PlyCount "59"]
[EventDate "2003.??.??"]

1. e4 d5 2. exd5 Nf6 3. c4 e6 4. d4 exd5 5. Nf3 Be7 6. Nc3 O-O 7. Bd3 Re8 8.
O-O Bg4 9. Be3 Nc6 10. h3 Bh5 11. c5 Bg6 12. Bb5 Bf8 13. Qa4 Ne4 14. Ne2 Re6
15. Nf4 Rf6 16. Bxc6 bxc6 17. Ne5 Qe8 18. Ng4 Rf5 19. Rfe1 h5 20. Nh2 Be7 21.
f3 Ng3 22. Nxg6 fxg6 23. Bf2 h4 24. Ng4 Qf8 25. Qxc6 Re8 26. Qxg6 Rxf3 27. gxf3
Qxf3 28. Kh2 Rf8 29. Rxe7 Nf5 30. Rae1 1-0

[Event "20. Int. Boeblinger Open"]
[Site "Boeblingen"]
[Date "2003.12.29"]
[Round "6"]
[White "Schuh, Dirk"]
[Black "Schwarz, Arnd-Ruediger"]
[Result "1-0"]
[WhiteElo "2248"]
[BlackElo "2128"]
[PlyCount "51"]
[EventDate "2003.??.??"]

1. e4 c6 2. d4 d5 3. exd5 cxd5 4. c4 Nf6 5. Nc3 e6 6. Nf3 Nc6 7. cxd5 Nxd5 8.
Bd3 Bb4 9. Bd2 Be7 10. a3 Nf6 11. Bg5 O-O 12. O-O g6 13. Bc4 Qb6 14. Qd2 Rd8
15. Rad1 Na5 16. Ba2 Bd7 17. Ne5 Be8 18. b4 Nc6 19. Nf3 Rac8 20. d5 exd5 21.
Bxf6 Bxf6 22. Nxd5 Nd4 23. Nxd4 Qxd4 24. Qxd4 Bxd4 25. Ne7+ Kf8 26. Nxc8 1-0

[Event "20. Int. Boeblinger Open"]
[Site "Boeblingen"]
[Date "2003.12.29"]
[Round "6"]
[White "Wartlick, Karl"]
[Black "Eckwert, Edgar"]
[Result "1-0"]
[WhiteElo "2170"]
[BlackElo "1894"]
[PlyCount "47"]
[EventDate "2003.??.??"]

1. c4 Nf6 2. Nc3 g6 3. g3 Bg7 4. Bg2 O-O 5. b4 d6 6. e3 c6 7. Nge2 Be6 8. d3 d5
9. c5 d4 10. Nxd4 Nd5 11. Nce2 Nxb4 12. Rb1 Qa5 13. Nxe6 fxe6 14. O-O Qxc5 15.
a3 Nd5 16. Rxb7 Nb6 17. Qb3 Qd6 18. Bh3 Kh8 19. Qxe6 Qxe6 20. Bxe6 Bf6 21. d4
Rd8 22. e4 Rd6 23. Bg4 e5 24. f4 1-0

[Event "20. Int. Boeblinger Open"]
[Site "Boeblingen"]
[Date "2003.12.29"]
[Round "6"]
[White "Beck, Rudolf"]
[Black "Dergatschova-Daus, Anna"]
[Result "0-1"]
[WhiteElo "1961"]
[BlackElo "2296"]
[PlyCount "32"]
[EventDate "2003.??.??"]

1. e4 e5 2. Nf3 Nc6 3. Bb5 Nf6 4. O-O Bc5 5. c3 O-O 6. d4 Bb6 7. Re1 exd4 8. e5
Ng4 9. h3 Nxf2 10. Kxf2 f6 11. Kg1 fxe5 12. Bg5 dxc3+ 13. Kh1 cxb2 14. Qb3+ d5
15. Qxb2 Qd6 16. Nxe5 Bd4 0-1

[Event "20. Int. Boeblinger Open"]
[Site "Boeblingen"]
[Date "2003.12.29"]
[Round "7"]
[White "Gaponenko, Inna"]
[Black "Luther, Thomas"]
[Result "0-1"]
[WhiteElo "2409"]
[BlackElo "2580"]
[PlyCount "104"]
[EventDate "2003.??.??"]

1. e4 e6 2. d4 d5 3. Nc3 Nf6 4. e5 Nfd7 5. f4 c5 6. Nf3 a6 7. Be3 Qb6 8. Na4
Qa5+ 9. c3 cxd4 10. b4 Qc7 11. Bxd4 Nc6 12. Be2 Nxd4 13. Qxd4 Be7 14. O-O O-O
15. Rfc1 b5 16. Nb2 f6 17. Qe3 fxe5 18. fxe5 Rf5 19. Bd3 Rh5 20. g4 Rh3 21. Bf1
Bg5 22. Qxg5 Rxf3 23. Bg2 Rf8 24. Nd3 Qb6+ 25. Kh1 Bb7 26. Qd2 Rac8 27. Re1 Rc4
28. h3 d4 29. cxd4 Rxd4 30. Rad1 Bf3 31. Qe3 Bxd1 32. Rxd1 Rc4 33. Qg5 Rc2 34.
Nf4 Qf2 35. Rxd7 Rc1+ 36. Kh2 Qxf4+ 37. Qxf4 Rxf4 38. Rd8+ Rf8 39. Rd6 Rf2 40.
Kg3 Rxa2 41. Bb7 g5 42. Rxe6 Rc3+ 43. Bf3 a5 44. bxa5 Rxa5 45. Rf6 Raa3 46. e6
Rxf3+ 47. Rxf3 Rxf3+ 48. Kxf3 Kf8 49. Ke4 Ke7 50. Kd5 h6 51. Kc5 Kxe6 52. Kxb5
Ke5 0-1

[Event "20. Int. Boeblinger Open"]
[Site "Boeblingen"]
[Date "2003.12.29"]
[Round "7"]
[White "Korneev, Oleg"]
[Black "Wippermann, Till"]
[Result "0-1"]
[WhiteElo "2559"]
[BlackElo "2353"]
[PlyCount "118"]
[EventDate "2003.??.??"]

1. e4 c5 2. Nf3 g6 3. d4 Bg7 4. c4 cxd4 5. Nxd4 Nc6 6. Be3 Nf6 7. Nc3 O-O 8.
Be2 d6 9. O-O Bd7 10. Qd2 Nxd4 11. Bxd4 Bc6 12. f3 Nd7 13. Be3 a5 14. b3 Nc5
15. Rab1 Be5 16. Rfd1 e6 17. Qe1 Qe7 18. Nb5 f5 19. f4 Bg7 20. Nxd6 Nxe4 21.
Nxe4 Bxe4 22. Bd3 Bc6 23. c5 e5 24. Qf2 Rad8 25. Bc4+ Kh8 26. Rd6 g5 27. fxe5
Bxe5 28. Re6 Qg7 29. Bxg5 Qxg5 30. Rxe5 Be4 31. Qb2 Bxb1 32. Re1+ Qg7 33. Qxg7+
Kxg7 34. Rxb1 Rfe8 35. Kf2 Re5 36. a4 Kf6 37. Kf3 Rxc5 38. Rb2 Rd4 39. Re2 Re5
40. Rc2 f4 41. Rc3 Kg5 42. Bb5 h5 43. g3 h4 44. gxf4+ Rxf4+ 45. Kg2 Ref5 46.
Re3 Rf2+ 47. Kg1 R2f3 48. Re7 h3 49. Rg7+ Kf6 50. Rg3 Rxg3+ 51. hxg3 Rf3 52.
Kh2 Rxb3 53. Bd7 Ke7 54. Bxh3 Rb4 55. Bg2 Rxa4 56. Bxb7 Rb4 57. Bd5 a4 58. Kg2
Rb2+ 59. Kf3 a3 0-1

[Event "20. Int. Boeblinger Open"]
[Site "Boeblingen"]
[Date "2003.12.29"]
[Round "7"]
[White "Farago, Ivan"]
[Black "Rau, Hannes"]
[Result "1/2-1/2"]
[WhiteElo "2485"]
[BlackElo "2372"]
[PlyCount "31"]
[EventDate "2003.??.??"]

1. d4 Nf6 2. c4 e6 3. Nf3 b6 4. g3 Ba6 5. Qa4 c5 6. Bg2 Bb7 7. dxc5 Bxc5 8. Nc3
O-O 9. O-O Be7 10. Bf4 a6 11. Rfd1 d6 12. Rd2 Qc7 13. Rad1 Rd8 14. Ng5 Bxg2 15.
Kxg2 Nc6 16. Qc2 1/2-1/2

[Event "20. Int. Boeblinger Open"]
[Site "Boeblingen"]
[Date "2003.12.29"]
[Round "7"]
[White "Hammes, Michael"]
[Black "Zaitsev, Mikhail"]
[Result "1/2-1/2"]
[WhiteElo "2349"]
[BlackElo "2467"]
[PlyCount "22"]
[EventDate "2003.??.??"]

1. d4 d5 2. c4 c5 3. Nc3 Nf6 4. cxd5 Nxd5 5. e4 Nxc3 6. bxc3 cxd4 7. cxd4 e5 8.
Nf3 Bb4+ 9. Bd2 Bxd2+ 10. Qxd2 exd4 11. Bb5+ Bd7 1/2-1/2

[Event "20. Int. Boeblinger Open"]
[Site "Boeblingen"]
[Date "2003.12.29"]
[Round "7"]
[White "Meyer, Roland"]
[Black "Souleidis, Georgios"]
[Result "1/2-1/2"]
[WhiteElo "2114"]
[BlackElo "2401"]
[PlyCount "85"]
[EventDate "2003.??.??"]

1. d4 d5 2. c4 Nc6 3. cxd5 Qxd5 4. e3 e5 5. Nc3 Bb4 6. Bd2 Bxc3 7. bxc3 Nf6 8.
c4 Qd6 9. d5 Nb8 10. Qb3 Na6 11. Nf3 Ne4 12. Bd3 Nac5 13. Qc2 f5 14. O-O Nxd2
15. Nxd2 e4 16. Be2 O-O 17. Nb3 Bd7 18. Nxc5 Qxc5 19. g3 b6 20. Rfd1 Rf6 21.
Qc3 Rd8 22. Qd4 Qe7 23. Rac1 Ba4 24. Rd2 c5 25. Qc3 Be8 26. Kg2 g5 27. h3 Rdd6
28. Rh1 Rh6 29. Rdd1 Bd7 30. g4 Rh4 31. f4 fxg4 32. hxg4 Bxg4 33. Qe5 Qd8 34.
Rxh4 Bxe2 35. Rg1 gxh4 36. Kf2+ Rg6 37. Rxg6+ hxg6 38. Kxe2 Qd7 39. Qg5 Kf7 40.
Qxh4 Qa4 41. Qh7+ Kf6 42. Qh8+ Kf7 43. Qh7+ 1/2-1/2

[Event "20. Int. Boeblinger Open"]
[Site "Boeblingen"]
[Date "2003.12.29"]
[Round "7"]
[White "Schneider, Ilja"]
[Black "Siebrecht, Sebastian"]
[Result "1-0"]
[WhiteElo "2316"]
[BlackElo "2435"]
[PlyCount "109"]
[EventDate "2003.??.??"]

1. e4 g6 2. d4 Bg7 3. c3 d6 4. Nf3 Nf6 5. Bd3 O-O 6. O-O Nc6 7. h3 e5 8. Re1 h6
9. Nbd2 Nh5 10. dxe5 Nxe5 11. Bf1 Kh7 12. Nxe5 dxe5 13. Nc4 Qe8 14. Ne3 Be6 15.
Nf5 gxf5 16. exf5 Bxf5 17. Qxh5 Bg6 18. Qh4 f5 19. Bf4 Qa4 20. Rxe5 Rae8 21.
Bb5 Qxf4 22. Qxf4 Rxe5 23. Bd3 Rd8 24. Qf3 b6 25. g4 Rxd3 26. Qxd3 fxg4 27. Qg3
gxh3 28. Qxh3 Rg5+ 29. Kf1 Rd5 30. Re1 Bd3+ 31. Kg2 Rg5+ 32. Kf3 Bf5 33. Qh4
Bf6 34. Rg1 Rxg1 35. Qxf6 Bd7 36. Ke3 Rg7 37. f4 Bg4 38. f5 Rg5 39. Qe7+ Rg7
40. Qf8 Bh5 41. Ke4 Rf7 42. Qd8 Bg4 43. f6 Bd7 44. Ke5 h5 45. Qxc7 Be6 46. Qd8
Bxa2 47. Qd3+ Kh6 48. b3 Bxb3 49. c4 Ba4 50. Ke6 Be8 51. Qd8 Kg5 52. Qd2+ Kh4
53. Qh2+ Kg5 54. Qg3+ Kh6 55. Qg8 1-0

[Event "20. Int. Boeblinger Open"]
[Site "Boeblingen"]
[Date "2003.12.29"]
[Round "7"]
[White "Doeres, Hans-Juergen"]
[Black "Meijers, Viesturs"]
[Result "0-1"]
[WhiteElo "2244"]
[BlackElo "2499"]
[PlyCount "80"]
[EventDate "2003.??.??"]

1. c4 e6 2. g3 d5 3. Bg2 Nf6 4. Nf3 dxc4 5. O-O a6 6. Nc3 Nbd7 7. b3 cxb3 8.
Qxb3 Be7 9. d4 O-O 10. e4 c6 11. Bf4 b5 12. Rfd1 Bb7 13. a4 Nb6 14. Ne5 Nfd7
15. d5 Nxe5 16. dxc6 Qb8 17. cxb7 Ra7 18. axb5 a5 19. Ne2 a4 20. Qa2 g5 21. Be3
Qxb7 22. Rac1 a3 23. Nd4 Ra5 24. Nxe6 Nbc4 25. Rxc4 Nxc4 26. Qxc4 a2 27. Ra1
Qxb5 28. Qxb5 Rxb5 29. Rxa2 fxe6 30. Bh3 Re5 31. Ra4 Kf7 32. f4 gxf4 33. Bxf4
Rb5 34. Ra6 Bc5+ 35. Kg2 Rb2+ 36. Kh1 Bb6 37. Be5 Rb1+ 38. Kg2 h5 39. Bf4 Rc8
40. Ra3 Rc2+ 0-1

[Event "20. Int. Boeblinger Open"]
[Site "Boeblingen"]
[Date "2003.12.29"]
[Round "7"]
[White "Braun, Matthias"]
[Black "Schuh, Dirk"]
[Result "1-0"]
[WhiteElo "2160"]
[BlackElo "2248"]
[PlyCount "69"]
[EventDate "2003.??.??"]

1. e4 e6 2. d4 d5 3. e5 c5 4. Nf3 Nc6 5. Bd3 cxd4 6. O-O f6 7. Re1 fxe5 8. Nxe5
Nf6 9. Bf4 Bd6 10. Nd2 O-O 11. Ndf3 Ne4 12. Nxc6 bxc6 13. Bxd6 Nxd6 14. Nxd4
Qf6 15. Nxc6 Bd7 16. Ne5 Qxf2+ 17. Kh1 Bb5 18. Qg4 Rae8 19. Rf1 Qe3 20. Rxf8+
Rxf8 21. Qxe6+ Nf7 22. Qxd5 Qxe5 23. Qxb5 Rb8 24. Qc4 Qxb2 25. Rf1 Qb7 26. Be4
Rc8 27. Bxb7 Rxc4 28. Bd5 Rc7 29. Kg1 Kf8 30. Rxf7+ Rxf7 31. Bxf7 Kxf7 32. Kf2
Ke6 33. Ke3 Kd5 34. Kd3 Kc5 35. c4 1-0

[Event "20. Int. Boeblinger Open"]
[Site "Boeblingen"]
[Date "2003.12.29"]
[Round "7"]
[White "Marasescu, Ioan"]
[Black "Werner, Bernd-Michael"]
[Result "1-0"]
[WhiteElo "2308"]
[BlackElo "2164"]
[PlyCount "55"]
[EventDate "2003.??.??"]

1. Nf3 Nf6 2. c4 g6 3. Nc3 Bg7 4. e4 d6 5. d4 O-O 6. Be2 e5 7. O-O Nc6 8. d5
Ne7 9. b4 a5 10. Ba3 axb4 11. Bxb4 Nd7 12. a4 f5 13. Nd2 Nf6 14. c5 dxc5 15.
Bxc5 fxe4 16. Bc4 Kh8 17. Ndxe4 Nxe4 18. Nxe4 Rf4 19. f3 b6 20. Bxe7 Qxe7 21.
Qb3 Bf5 22. d6 cxd6 23. g3 Bxe4 24. gxf4 d5 25. Be2 Qc5+ 26. Kg2 Bc2 27. Qb5
Qd4 28. Qc6 1-0

[Event "20. Int. Boeblinger Open"]
[Site "Boeblingen"]
[Date "2003.12.29"]
[Round "7"]
[White "Dergatschova-Daus, Anna"]
[Black "Weise, Martin"]
[Result "1-0"]
[WhiteElo "2296"]
[BlackElo "2162"]
[PlyCount "29"]
[EventDate "2003.??.??"]

1. d4 e6 2. Nf3 Nf6 3. e3 c5 4. Bd3 d5 5. b3 Qa5+ 6. c3 Nc6 7. O-O Be7 8. Ne5
Nxe5 9. dxe5 Nd7 10. f4 f5 11. c4 dxc4 12. Bxc4 Nb6 13. Bd2 Nxc4 14. Bxa5 Nxa5
15. Nc3 1-0

[Event "20. Int. Boeblinger Open"]
[Site "Boeblingen"]
[Date "2003.12.29"]
[Round "7"]
[White "Lankenau, Axel"]
[Black "Schuurman, Petra"]
[Result "0-1"]
[WhiteElo "2145"]
[BlackElo "2263"]
[PlyCount "64"]
[EventDate "2003.??.??"]

1. c4 c6 2. e4 d5 3. exd5 cxd5 4. d4 Nf6 5. Nc3 g6 6. Nf3 Bg7 7. Be2 O-O 8. O-O
dxc4 9. Bxc4 Bg4 10. Be3 Nc6 11. d5 Bxf3 12. Qxf3 Ne5 13. Qe2 Nxc4 14. Qxc4 Qd7
15. Rfd1 Rfc8 16. Qe2 Rd8 17. Rd2 Qf5 18. Rad1 Rd7 19. h3 Ne8 20. Bd4 Nd6 21.
Bxg7 Kxg7 22. Nb5 Nxb5 23. Qxb5 Rad8 24. Qc5 a6 25. Qc3+ Qf6 26. Qb4 h5 27. Rd3
Kg8 28. Rf3 Qd6 29. Qe4 e6 30. Rf6 Qe7 31. Qf3 Rxd5 32. Rc1 Rd3 0-1

[Event "20. Int. Boeblinger Open"]
[Site "Boeblingen"]
[Date "2003.12.29"]
[Round "7"]
[White "Schulte, Torsten"]
[Black "Heinl, Thomas"]
[Result "1-0"]
[WhiteElo "2141"]
[BlackElo "2253"]
[PlyCount "35"]
[EventDate "2003.??.??"]

1. d4 Nf6 2. c4 g6 3. Nc3 Bg7 4. e4 d6 5. f4 O-O 6. Nf3 c5 7. d5 e6 8. dxe6
Bxe6 9. Bd3 Nc6 10. f5 Bc8 11. O-O gxf5 12. exf5 d5 13. cxd5 Ne7 14. Bg5 Nexd5
15. Nxd5 Qxd5 16. Qc2 b5 17. Bxf6 Bxf6 18. Be4 1-0

[Event "20. Int. Boeblinger Open"]
[Site "Boeblingen"]
[Date "2003.12.29"]
[Round "7"]
[White "Wohlfahrt, Rainer"]
[Black "Bauer, Peter"]
[Result "1/2-1/2"]
[WhiteElo "2127"]
[BlackElo "2251"]
[PlyCount "73"]
[EventDate "2003.??.??"]

1. d4 Nf6 2. Nc3 d5 3. Bg5 Bf5 4. Bxf6 gxf6 5. e3 c6 6. Bd3 Qd7 7. Nge2 e5 8.
Bxf5 Qxf5 9. Ng3 Qe6 10. e4 Na6 11. exd5 cxd5 12. O-O O-O-O 13. Re1 h5 14. Nxh5
Qf5 15. Ng3 Qf4 16. Nce2 Qh4 17. h3 Rg8 18. Qd3 e4 19. Qe3 Rg5 20. c4 Bd6 21.
cxd5 f5 22. Rec1+ Kb8 23. Rc3 Nb4 24. f4 Nxd5 25. Qf2 Nxf4 26. Nxf4 Bxf4 27.
Nxe4 Qxf2+ 28. Nxf2 Rxd4 29. Rd1 Rxd1+ 30. Nxd1 Bg3 31. Kf1 f4 32. Ke2 Bh4 33.
Kf3 Rg3+ 34. Kxf4 Rxg2 35. Rd3 Kc7 36. a4 Bf6 37. b3 1/2-1/2

[Event "20. Int. Boeblinger Open"]
[Site "Boeblingen"]
[Date "2003.12.29"]
[Round "7"]
[White "Remmler, Hans-Peter"]
[Black "Beck, Frederik"]
[Result "1/2-1/2"]
[WhiteElo "2243"]
[BlackElo "2098"]
[PlyCount "46"]
[EventDate "2003.??.??"]

1. e4 c5 2. Nf3 e6 3. d4 cxd4 4. Nxd4 a6 5. Bd3 Nf6 6. O-O d6 7. c4 Nbd7 8. Nc3
Be7 9. b3 O-O 10. Bb2 Qc7 11. Qe2 b6 12. f4 Bb7 13. Rae1 g6 14. e5 Nh5 15. Be4
Nxf4 16. Rxf4 dxe5 17. Nxe6 fxe6 18. Rxf8+ Rxf8 19. Qg4 Rf6 20. Bxb7 Qxb7 21.
Ne4 Rf5 22. h3 Nf6 23. Nxf6+ Bxf6 1/2-1/2

[Event "20. Int. Boeblinger Open"]
[Site "Boeblingen"]
[Date "2003.12.30"]
[Round "8"]
[White "Wippermann, Till"]
[Black "Baklan, Vladimir"]
[Result "0-1"]
[WhiteElo "2353"]
[BlackElo "2600"]
[PlyCount "100"]
[EventDate "2003.??.??"]

1. e4 c5 2. Nc3 e6 3. f4 d5 4. Nf3 dxe4 5. Nxe4 Nf6 6. Nf2 Be7 7. g3 b6 8. Bg2
Bb7 9. O-O O-O 10. b3 Nc6 11. Bb2 Rb8 12. Nd3 b5 13. Nde5 Qb6 14. c4 bxc4 15.
Nxc4 Qd8 16. Nfe5 Nd4 17. Bxb7 Rxb7 18. Bxd4 Qxd4+ 19. Kg2 Qd5+ 20. Qf3 Rc7 21.
Rae1 g6 22. Re3 Rb8 23. g4 Qxf3+ 24. Rexf3 Nd5 25. Nd3 Nb6 26. Rc1 Rd8 27. Kf2
Rd4 28. Ke2 f6 29. h3 Rcd7 30. Nxb6 axb6 31. Rc4 b5 32. Rxd4 Rxd4 33. Ke3 f5
34. gxf5 exf5 35. Rf1 Bd6 36. Rc1 Re4+ 37. Kf3 Kf7 38. Nxc5 Rxf4+ 39. Kg2 Rd4
40. d3 b4 41. Nb7 Be7 42. Rc7 Rxd3 43. Na5 Rd2+ 44. Kf3 Kf6 45. Nc6 Bc5 46.
Rxh7 Rxa2 47. Rd7 Rf2+ 48. Kg3 Rc2 49. Rd3 Rc3 50. Rf3 Bd6+ 0-1

[Event "20. Int. Boeblinger Open"]
[Site "Boeblingen"]
[Date "2003.12.30"]
[Round "8"]
[White "Luther, Thomas"]
[Black "Schneider, Ilja"]
[Result "1/2-1/2"]
[WhiteElo "2580"]
[BlackElo "2316"]
[PlyCount "60"]
[EventDate "2003.??.??"]

1. e4 e5 2. Nf3 d6 3. d4 exd4 4. Nxd4 Nf6 5. Nc3 Be7 6. g3 d5 7. exd5 Nxd5 8.
Ndb5 Nxc3 9. Qxd8+ Bxd8 10. Nxc3 Bf5 11. Bg2 Nc6 12. Bf4 Bxc2 13. O-O O-O 14.
Rac1 Bf5 15. Rfd1 Nb4 16. Bxb7 Rb8 17. Be4 Bxe4 18. Nxe4 Nxa2 19. Ra1 Rxb2 20.
Rd2 Rb4 21. f3 f5 22. Nc5 Nc3 23. Ne6 Bf6 24. Nxf8 Nb1 25. Rda2 Kxf8 26. Bxc7
Rb7 27. Ba5 Bxa1 28. Rxa1 Rb2 29. Be1 Nd2 30. Bxd2 Rxd2 1/2-1/2

[Event "20. Int. Boeblinger Open"]
[Site "Boeblingen"]
[Date "2003.12.30"]
[Round "8"]
[White "Souleidis, Georgios"]
[Black "Ovsejevitsch, Sergei"]
[Result "1/2-1/2"]
[WhiteElo "2401"]
[BlackElo "2510"]
[PlyCount "99"]
[EventDate "2003.??.??"]

1. e4 c5 2. Nf3 d6 3. d4 cxd4 4. Qxd4 Nc6 5. Bb5 Bd7 6. Bxc6 Bxc6 7. Nc3 Nf6 8.
Bg5 e6 9. O-O-O Be7 10. Rhe1 O-O 11. Kb1 Qc7 12. Qd2 Rfc8 13. Nd4 a6 14. f3 b5
15. g4 b4 16. Nce2 a5 17. Ng3 Be8 18. Rg1 Qd8 19. h4 Rc4 20. Nh5 Rac8 21. Nxg7
Rxd4 22. Qxd4 Kxg7 23. Bh6+ Kg8 24. e5 Nd5 25. g5 Ba4 26. Rd2 Bf8 27. h5 dxe5
28. Qxe5 Nc3+ 29. Ka1 Qxd2 30. Bxf8 Kxf8 31. Qh8+ Ke7 32. Qxc8 Qd4 33. Qc7+ Bd7
34. Re1 Nd5 35. Qxa5 Qf2 36. Rb1 Qxc2 37. Qa7 Qc4 38. Re1 Qf4 39. Qc5+ Qd6 40.
Qd4 Qg3 41. Qc5+ Qd6 42. Qd4 Qg3 43. Qc5+ Ke8 44. Rg1 Qxf3 45. g6 fxg6 46. hxg6
hxg6 47. Qd4 Qf6 48. Qd3 Qf5 49. Qd4 Qf6 50. Qd3 1/2-1/2

[Event "20. Int. Boeblinger Open"]
[Site "Boeblingen"]
[Date "2003.12.30"]
[Round "8"]
[White "Meijers, Viesturs"]
[Black "Grooten, Herman"]
[Result "1/2-1/2"]
[WhiteElo "2499"]
[BlackElo "2390"]
[PlyCount "95"]
[EventDate "2003.??.??"]

1. e4 c6 2. d4 d5 3. Nc3 dxe4 4. Nxe4 Bf5 5. Ng3 Bg6 6. h4 h6 7. Nf3 Nd7 8. Bd3
Bxd3 9. Qxd3 e6 10. Bd2 Ngf6 11. c4 Be7 12. b4 O-O 13. Ne4 Nxe4 14. Qxe4 Nf6
15. Qe2 a6 16. a4 b5 17. c5 Qd5 18. O-O Ne4 19. Ra3 Rfe8 20. Rfa1 Nxd2 21. Qxd2
Rad8 22. axb5 axb5 23. Qf4 Bf6 24. Ra7 e5 25. dxe5 Rxe5 26. Ra8 Re4 27. Rxd8+
Bxd8 28. Qd6 Qxd6 29. cxd6 Re6 30. d7 Kf8 31. Rc1 Re4 32. Rd1 Re6 33. h5 Ke7
34. Nd4 Rf6 35. g4 g6 36. g5 Rd6 37. gxh6 Kxd7 38. hxg6 Rxg6+ 39. Kf1 Kc7 40.
Nf5 Bf6 41. Rd6 Rxh6 42. Rxc6+ Kxc6 43. Nxh6 Kd5 44. Nxf7 Be7 45. Ke2 Ke4 46.
f3+ Kd4 47. Kd2 Bxb4+ 48. Kc2 1/2-1/2

[Event "20. Int. Boeblinger Open"]
[Site "Boeblingen"]
[Date "2003.12.30"]
[Round "8"]
[White "Hammes, Michael"]
[Black "Farago, Ivan"]
[Result "0-1"]
[WhiteElo "2349"]
[BlackElo "2485"]
[PlyCount "82"]
[EventDate "2003.??.??"]

1. d4 Nf6 2. Nf3 e6 3. c4 b6 4. e3 d5 5. b3 Bb7 6. Bd3 Bd6 7. O-O Nbd7 8. Bb2
O-O 9. Nbd2 Ne4 10. Qc2 f5 11. cxd5 exd5 12. Ne5 c5 13. f3 cxd4 14. Nxd7 Qxd7
15. Bxd4 Rac8 16. Qb2 Nc5 17. Qb1 Nxd3 18. Qxd3 Qc7 19. f4 Qc2 20. Qxc2 Rxc2
21. Nf3 Rfc8 22. Rf2 Ba3 23. Rd1 Ba6 24. Rxc2 Rxc2 25. Rd2 Rc1+ 26. Kf2 Bb4 27.
Rb2 Ba3 28. Rd2 Bb4 29. Rb2 Bd3 30. Be5 g6 31. Kg3 Be4 32. Ng5 Bc2 33. a3 Be1+
34. Kh3 Bd1 35. Nf3 Bc3 36. Bxc3 Rxc3 37. Nd4 Rxe3+ 38. g3 Rd3 39. Nc6 Rxb3 40.
Rxb3 Bxb3 41. Nxa7 d4 0-1